000 00457nam a2200181Ia 4500
003 GCL
008 140319s9999 xx 000 0 eng d
040 _aGCL /
_cGCL
082 0 4 _a574.29
_bC I
100 1 _aCRUSE, JULIUS
245 1 0 _aILLUSTRATED DICTIONARY OF IMMUNOLOGY /
_cCRUSE, JULIUS
700 1 _aLEWIS, ROBERT
260 _a[S.N] :
_bCRC PRESS ،
_c1994
300 _a318
650 0 4 _aDICTIONARIES
650 0 4 _aIMMUNOLOGY
942 _2ddc
_cBK
999 _c10693
_d10693